Historian of south east european and oriental civilizations
Збережено в:
| Автор: | |
|---|---|
| Формат: | Книга |
| Мова: | Undetermined |
| Опубліковано: |
Bucarest, Rumania
Association Internationale D'Etudes Du Sud-Est Européen
1973
|
| Предмети: | |
| Теги: |
Додати тег
Немає тегів, Будьте першим, хто поставить тег для цього запису!
|
MARC
| LEADER | 00000nam a2200000Ia 4500 | ||
|---|---|---|---|
| 008 | 170316s9999 xx 000 0 und d | ||
| 040 | |a cru BVZT | ||
| 090 | |a 859 C-1h | ||
| 100 | |a Cantemir, Dimitrie | ||
| 245 | |a Historian of south east european and oriental civilizations | ||
| 260 | |a Bucarest, Rumania | ||
| 260 | |b Association Internationale D'Etudes Du Sud-Est Européen | ||
| 260 | |c 1973 | ||
| 300 | |a 358 páginas | ||
| 650 | |a LITERATURA RUMANA | ||
| 999 | |c 8241 |d 8241 | ||
| 942 | |c 15 D |h 859 C-1h |2 z | ||
